000 00687nam a2200133Ia 4500
008 220620s9999||||xx |||||||||||||| ||und||
020 _a9789610000000
100 _aFakin Bajec, Jasna||Polajnar Horvat, Katarina||Kolenc, Petra||Pogačar, Martin||Smrekar, Aleš||Tiran, Jernej
245 0 _aGreen Is Good
_bPlanning Urban Green Spaces With People, Not For People
546 _aEnglish[eng]
650 _acommunity building||functional urban areas||sustainable management||Urban Green Belts||funkcionalno urbano območje||izgradnja skupnosti||trajnostno upravljanje||urbane zelene površine
856 _uhttps://omp.zrc-sazu.si/zalozba/catalog/view/1977/8144/1522-1
942 _cEB
999 _c34602
_d34602